| 000 | 00558cam a2200193 4500 | ||
|---|---|---|---|
| 001 | 3182 | ||
| 005 | 20181127170647.0 | ||
| 008 | 030529s2004 maua b 001 0 eng | ||
| 010 | _a 2003052442 | ||
| 020 | _a9788177585568 | ||
| 100 | 1 | _aDate, C. J. | |
| 245 | 1 | 3 |
_aAn introduction to database systems / _cC.J. Date. |
| 246 | 3 | 0 | _aDatabase systems |
| 250 | _a8th ed. | ||
| 260 |
_aNoida : _bDorling Kindersley, _c2012. |
||
| 300 |
_axxxii, 929 : _bill. ; _c24 cm. |
||
| 504 | _aIncludes bibliographical references and index. | ||
| 650 | 0 | _aDatabase management. | |
| 999 |
_c2569 _d2569 |
||